Géographie de Paris par lettre -J - Statistiques

Statistiques générales
  • Ce quiz a été pris 30 fois
  • Le résultat moyen est 7 sur 20
Statistiques - réponses
Question Réponse % Correct
Station de correspondance (lignes 2, 5, 7 bis) nommée d'après un tribun socialiste Jaurès
85%
Le plus célèbre maire de Paris du XXe siècle, devenu Président de la République Jacques Chirac
81%
Le grand jardin botanique du 5e arrondissement, dépendant du Muséum Jardin des Plantes
67%
Station de la ligne 10 et quai du 15e, célèbre pour son usine Citroën historique Javel
67%
Résistant dont le musée se trouve au-dessus de la gare Montparnasse Jean Moulin
63%
Station de la ligne 7 et campus universitaire scientifique majeur (5e) Jussieu
63%
Jardin du 6e arrondissement, siège du Sénat et "poumon" de la rive gauche Jardin du Luxembourg
56%
Stade du Stade français Jean Bouin
56%
Ancien jardin royal situé entre le Louvre et la place de la Concorde Jardin des Tuileries
48%
Chanteur iconique dont la tombe est la plus visitée du Père-Lachaise Jim Morrison
44%
Parc d'attractions historique situé dans le bois de Boulogne Jardin d'Acclimatation
33%
Musée d'art contemporain situé dans le jardin des Tuileries (Ancienne salle de sport) Jeu de Paume
30%
Lycée du 16e arrondissement, l'un des plus grands et prestigieux de France Janson-de-Sailly
26%
Square situé juste derrière la cathédrale Notre-Dame de Paris Jean XXIII
7%
Piscine flottante amarrée sur la Seine au pied de la BnF Josephine Baker
7%
Jardin suspendu incroyable situé au-dessus des voies de la gare Montparnasse Jardin de l'Atlantique
4%
Nom d'un passage couvert les plus fameux situé dans le 2e Joly
4%
Le pont qui relie l'Île de la Cité à l'Île Saint-Louis Jean-du-Bellay
0%
Place de Montmartre où l'on trouve le buste du "Passe-Muraille" Jean Marais
0%
TouDernier vestige du palais des ducs de Bourgogne dans le 2e (Tour...) Jean-sans-Peur
0%
Aucun quiz correspondant
Distribution des résultats
% des personnes avec chaque résultat
Percentile par nombre de réponses
Votre historique - résultats
Vous n’avez pas pris ce quiz